[Event "Langley Labour Day op"]
[Site "Langley"]
[Date "2009.09.05"]
[Round "2.16"]
[White "Hamm, Robert M"]
[Black "Dakin, Spencer"]
[Result "1-0"]
[WhiteElo "1632"]
[BlackElo "1266"]
[PlyCount "44"]
[EventDate "2009.09.06"]
[EventType "swiss"]
[EventRounds "6"]
[EventCountry "CAN"]
[SourceTitle "EXT 2022"]
[Source "ChessBase"]
[SourceDate "2021.10.06"]
[SourceVersion "1"]
[SourceVersionDate "2021.10.06"]
[SourceQuality "1"]

1. d4 d5 2. c4 dxc4 3. Nc3 Nc6 4. Nf3 Nf6 5. Bg5 e6 6. e3 Bb4 7. Bxc4 Bxc3+ 8. bxc3 0-0 9. 0-0 h6 10. Bh4 g5 11. Bg3 Ne4 12. Qc2 f5 13. h4 Nxg3 14. fxg3 f4 15. Qg6+ Kh8 16. Qxh6+ Kg8 17. Nxg5 Qe7 18. Nxe6 Rf6 19. Ng5+ Be6 20. Bxe6+ Qxe6 21. Qh7+ Kf8 22. Nxe6+ Rxe6 1-0